000 00706nmc a2200277 a 4500
003 AR-BaBNM
005 20251128202915.0
008 306019s1944 ||||||||||||||000 | spa||
040 _cAR-BaBNM
100 1 _aGabriel, José
245 1 0 _aLa Madrid
_bel valor legendario
260 _aBuenos Aires
_bEmecé
_c1944
300 0 _a105 p.
_bláms.
490 0 _aBuen Aire
_vv. 48
600 1 4 _aAráoz de Lamadrid, Gregorio
650 4 _aHISTORIA ARGENTINA
650 4 _aBIOGRAFIAS
650 4 _aGUERRAS DE LA INDEPENDENCIA
650 4 _aGUERRAS CIVILES ARGENTINAS
650 4 _aUNITARIOS
651 4 _aUruguay
651 4 _aArgentina
655 _aBIOGRAFIAS
942 _cBK
998 _cEnrique
999 _c1144
_d1144